| 000 | 01110nam a2200325Ic 4500 | ||
|---|---|---|---|
| 001 | 60256 | ||
| 003 | CO-BoRNBP | ||
| 005 | 20251218203827.0 | ||
| 007 | ta | ||
| 008 | 180103s2017 ck 000 0 spa d | ||
| 020 | _a9789586654715 | ||
| 040 |
_aCO-BoRNBP _bspa _erda _cCO-BoRNBP |
||
| 041 | 0 | _aspa | |
| 082 | 0 | _a155.93 P61p | |
| 084 | _a0 | ||
| 100 | 1 | 0 |
_aPoch Avellan, Concepció _eaut _968135 |
| 245 | 1 | 0 |
_aPérdidas y duelos : _breflexiones y herramientas para identificarlos y afrontarlos / _cConcepció Poch. |
| 250 | _aEdición especial | ||
| 264 | 1 |
_aBogotá, Colombia : _bSiglo del Hombre, _c2017 |
|
| 300 | _a173 paginas | ||
| 336 |
_atexto _btxt _2rdacontent |
||
| 337 |
_asin mediación _bn _2rdamedia |
||
| 338 |
_avolumen _bnc _2rdacarrier |
||
| 490 | 0 | _aPlan Nacional de Lectura y Escritura Leer es mi Cuento / Ministerio de Cultura | |
| 500 | _aIncluye índice. Incluye datos biográficos del autor. \. | ||
| 650 | 1 | 7 |
_aDuelo _xAspectos fisiológicos _2lemb _968136 |
| 650 | 1 | 7 |
_aPerdida (psicologia) _2lemb _9157 |
| 650 | 1 | 7 |
_aResiliencia (psicologia) _2lemb _968137 |
| 942 |
_cBK _2ddc |
||
| 999 |
_c60256 _d60256 |
||